000
00340nam a2200145Ia 4500
005
20251223000720.0
008
251222s9999||||xx |||||||||||||| ||spa||
020
_a
9786124030048
082
_a
985.02/W55
100
_a
Wiesse, Ricardo
245
0
_a
Plumas del Antisuyo:
250
_a
1ra.ed.
264
_b
Fondos Ed. UCSS
942
_c
LIB
999
_c
41612
_d
41612